| 000 | 01196cam a2200313 a 4500 | ||
|---|---|---|---|
| 001 | 000013466 | ||
| 005 | 20200929163234.0 | ||
| 008 | 990709s1998 mx b 000 0 spa d | ||
| 020 | _a9706542221 | ||
| 040 |
_aDO-SdBNP _bspa _cDLC _dBNPHU |
||
| 082 |
_a338.972 _bM689 |
||
| 245 | 0 | 0 |
_aModelos de industrialización en México / _cEnrique de la Garza Toledo ; coordinador Arnulfo Arteaga García ... [et al.]. |
| 260 |
_aMéxico : _bUniversidad Autónoma Metropolitana, _bUnidad Iztapalapa, _c1998. |
||
| 300 |
_a338 p. ; _c21 cm. |
||
| 490 | 1 | _aCSH | |
| 504 | _aIncluye referencias bibliográficas (p. 297-301). | ||
| 650 | 4 |
_aIndustrias manofactureras _zMéxico _930762 |
|
| 650 | 4 |
_aIndustrias manofactureras _xInnovaciones tecnológicas _zMéxico _930763 |
|
| 650 | 4 |
_aAdministración industrial _zMéxico _930764 |
|
| 650 | 4 |
_aIndustrialización _zMéxico _930765 |
|
| 700 | 1 |
_aGarza Toledo, Enrique de la. _930766 |
|
| 700 | 1 |
_aArteaga García, Arnulfo. _930767 |
|
| 700 | 1 |
_aHerrera Lima, Fernando _930768 |
|
| 700 | 1 |
_aMelgoza Valdivia, Javier _930769 |
|
| 700 | 1 |
_aTorres Franco José Luis _930770 |
|
| 830 | 0 |
_aCSH. _930771 |
|
| 910 | _aCatalogación por copia/LC | ||
| 049 | _aBNGR | ||
| 999 |
_c13090 _d13090 |
||